00265nam a2200109Ia 4500008004100000020001800041082001400059100002200073245003200095260001000127500001800137260604s9999 xx 000 0 und d a9789387340350 a808.3 SHR aShree Book Centre 0aBadmash Lomad aur Lal Murgi bSHREE aBadmash Lomad